[Event "FRA-ch U18"]
[Site "Agen"]
[Date "2021.10.25"]
[Round "3"]
[White "Hassler, Tim"]
[Black "Decuigniere, Tom"]
[Result "0-1"]
[WhiteElo "1927"]
[BlackElo "2214"]
[PlyCount "86"]
[EventDate "2021.10.22"]
[EventType "swiss"]
[EventRounds "9"]
[EventCountry "FRA"]
[SourceTitle "EXT 2023"]
[Source "ChessBase"]
[SourceDate "2022.10.05"]
[SourceVersion "1"]
[SourceVersionDate "2022.10.05"]
[SourceQuality "1"]

1. e4 c5 2. Nf3 g6 3. c3 Nf6 4. e5 Nd5 5. d4 cxd4 6. cxd4 Bg7 7. Bc4 Nb6 8. Bb3 Nc6 9. 0-0 0-0 10. Bf4 d6 11. h3 Bf5 12. Nc3 dxe5 13. Bxe5 Nxe5 14. dxe5 Rc8 15. Re1 Nc4 16. Bxc4 Rxc4 17. Qb3 Qc8 18. Nd5 Re8 19. Ne3 Rc7 20. Ng5 e6 21. Nxf5 gxf5 22. Rad1 Rd8 23. Nf3 Rcd7 24. Rc1 Qb8 25. Qc3 Bh6 26. Rc2 b6 27. Qc6 Rd5 28. g3 Bg7 29. Qc7 Qa8 30. Qc6 Qxc6 31. Rxc6 Kf8 32. Rc7 R8d7 33. Rc6 Ke7 34. Kg2 Ra5 35. Re2 Rxa2 36. Ne1 Kd8 37. f4 Bf8 38. Kf3 Bb4 39. Ng2 Rd3+ 40. Ne3 Bc5 41. b4 Rxe2 42. Kxe2 Rxe3+ 43. Kd2 Kd7 0-1